000
00309nam a2200109Ia 4500
008
171205s9999 xx 000 0 und d
020
_a
9781506333793
100
_a
Warren, Acacia M.
245
_c
Acacia M. Warren
_a
Project-Based Learning Across the Disciplines
260
_b
Corwin
_c
2016
300
_a
251 pages
999
_c
347436
_d
347436